Zariadenie na registrovaný výdaj krmív

Bibliographic Details
Main Authors: Talich, Stanislav (Author), Mihina, Štefan, 1950-2021 (Author)
Corporate Author: Výskumný ústav živočíšnej výroby (Nitra, Slovensko) (Patent holder)
Format: Book
Language:Slovak
PhysicalDescription:7 strán 8°
Published: Banská Bystrica Úrad priemyselného vlastníctva SR 1996
Subjects:

MARC

LEADER 00000cam a2200000 a 4500
001 vtls001219585
003 SK-MaSNL
005 20260301063753.0
008 960412s1996 xo grj 00000 slo
035 |a SNK000163894 
040 |a SNK  |b slo  |c SNK  |e AACR2 
041 0 |a slo 
043 |a e-xo--- 
044 |a xo  |c SK 
072 7 |a 636  |x Chov zvierat. Živočíšna výroba  |2 konspekt 
080 |a 636.084.742  |2 2001 
080 |a 636.1/.5  |2 2001 
080 |a (088.83)  |2 2001 
100 1 |a Talich, Stanislav  |4 aut  |9 380075 
245 1 0 |a Zariadenie na registrovaný výdaj krmív  |c Stanislav Talich, Štefan Mihina 
260 |a Banská Bystrica  |b Úrad priemyselného vlastníctva SR  |c 1996 
300 |a 7 strán  |c 8° 
650 0 7 |a krmidlá  |2 SNKPH  |9 25283 
650 0 7 |a hospodárske zvieratá  |2 SNKPH  |9 1097 
650 0 7 |a registrované dávkovanie krmiva  |2 SNKPH  |9 380076 
655 7 |a patenty  |2 SNKPH  |9 177343 
700 1 |a Mihina, Štefan,  |d 1950-2021  |4 aut  |9 232161 
710 2 |a Výskumný ústav živočíšnej výroby (Nitra, Slovensko)  |4 pth  |9 32792 
999 |c 624913  |d 626843 
952 |t P60, <03>, [BOOK], {603}  |a SNK  |b SNK  |y PREZ  |7 0  |o snkSK 278008  |i snkPS 112/96  |0 0  |1 0  |4 0  |d 1996-08-28  |l 0  |r 2005-01-01 00:00:00  |w 2026-02-23